1716 1544 1841 1100 1678 1327 1613 1180 1988 1068 1939 1101 1960 1395 1161 1393 1592 1860 1153 1852 1676 1778 1223 1755 1655 1010 1720 1458 1925 1172 1279 1962 1502 1303 1782 1487 1335 1747 1222 1769 1324 1470 1892 1723 1782 1902 1461 1932 1685 1618 1390 1925 1369 1283 1172 1468 1832 1540 1867 1539 1158 1709 1304 1583 1875 1456 1306 1991 1052 1266 1325 1721 1673 1880 1524 1187 1860 1302 1535 1153 1086 1676 1991 1067 1939 1267 1068 1421 1249 1281 1720 1455 1364 1744 1642 1309 1507 1121 1650 BCNSPRNW ULIB Ver.6.0+V

เปลี่ยนเป็นภาษาไทย

Change to English
 แสดงรายละเอียดบรรณานุกรม
  กลับหน้าหลัก

Brief Record : Get Marc (ISO 2709) : E-mail record : QR code < ปิดหน้าต่าง
LEADER : 00000nam 2200000uu 4500
001    13399126447
003     ULIB
008    180916s2559||||th 000 0 tha d
020    ^a9786162147234
050    ^aนว^bว177ห
100 0  ^aวรรณวรรธน์
245 10 ^aหนึ่งด้าวฟ้าเดียวกัน เล่ม 1/ ^cวรรณวรรธน์
250    ^aพิมพ์ครั้งที่ 9
260    ^aกรุงเทพฯ : ^bณ บ้านวรรณกรรม, ^c2559
300    ^a342 หน้า ;^c21 ซม
945    ^p0^l0^i26649
999    ^aกัณชพร จุลอักษร
รายการนี้ยังไม่มีแท็ก
คุณยังไม่ได้ล็อกอิน คุณสามารถมีกิจกรรมร่วมกับเว็บไซต์ได้ แต่ต้องล็อกอินก่อน ::
  ล็อกอิน

รายการสื่อสารสนเทศ

ลำดับที่ ประเภท เลขเรียก/บาร์โค้ด สถานที่ สถานะ
1. วิทยาศาสตร์การแพทย์ และสุขภาพ
วิทยาศาสตร์การแพทย์ และสุขภาพ
นว ว177ห ฉ.1 
  Barcode: 26649
ห้องสมุดวิทยาเขตนครสวรรค์
►หนังสือทั่วไป:l:General Books
บนชั้น

รายการใกล้เคียง
    ผู้แต่ง [วรรณวรรธน์]

BibComment


ยังไม่เคยถูกคอมเมนท์

คอมเมนท์ทรัพยากรรายการนี้
  คอมเมนท์: หนึ่งด้าวฟ้าเดีย..


 Copyright 2026. Bcnsprnw @Library